All Champions League Teams Ever - One Minute Sprint - Statistics

General Stats
  • This quiz has been taken 925 times
  • The average score is 17 of 147
Answer Stats
Country Teams % Correct
England Manchester United
78%
England Manchester City
77%
Spain Real Madrid
67%
Spain Barcelona
64%
England Chelsea
64%
England Liverpool
64%
England Arsenal
63%
Italy Milan
44%
England Tottenham Hotspur
43%
Italy Inter Milan
41%
Germany Bayern Munich
39%
France Paris Saint-Germain
39%
Spain Atlético Madrid
38%
Italy Juventus
30%
Germany Borussia Dortmund
28%
England Newcastle United
28%
Austria Red Bull Salzburg
28%
Portugal Porto
27%
Italy Roma
24%
Portugal Benfica
22%
Austria Rapid Wien
22%
England Leicester City
21%
Spain Sevilla
21%
Portugal Sporting CP
20%
Greece Olympiacos
19%
Greece AEK Athens
18%
France Lyon
18%
Italy Napoli
18%
Netherlands Ajax
17%
Spain Valencia
17%
Poland Legia Warsaw
16%
France Marseille
16%
Belgium Anderlecht
15%
Belgium Club Brugge
15%
Italy Lazio
15%
France Lille
15%
France Monaco
15%
Spain Athletic Bilbao
14%
Germany Bayer Leverkusen
13%
England Leeds United
13%
Netherlands PSV Eindhoven
13%
Germany RB Leipzig
13%
Spain Villarreal
13%
Austria Austria Wien
12%
Austria Sturm Graz
12%
Portugal Braga
11%
Scotland Celtic
11%
England Blackburn Rovers
10%
Azerbaijan Qarabağ
10%
Scotland Rangers
10%
Italy Atalanta
9%
Spain Real Betis
9%
Belarus BATE Borisov
8%
Russia CSKA Moscow
8%
Croatia Dinamo Zagreb
8%
Belgium Genk
8%
Belgium Gent
8%
Greece Panathinaikos
8%
Spain Real Sociedad
8%
Czech Republic Sparta Prague
8%
Cyprus APOEL
7%
Spain Deportivo La Coruña
7%
Romania FCSB
7%
Netherlands Feyenoord
7%
Italy Fiorentina
7%
Finland HJK Helsinki
7%
Israel Maccabi Haifa
6%
Switzerland Basel
5%
France Bordeaux
5%
Hungary Ferencváros
5%
Germany Hamburger SV
5%
France Lens
5%
France Nantes
5%
Germany Schalke 04
5%
Switzerland Young Boys
5%
Sweden AIK
4%
Netherlands AZ
4%
Serbia Crvena zvezda
4%
Ukraine Dynamo Kyiv
4%
Croatia Hajduk Split
4%
Russia Lokomotiv Moscow
4%
Spain Málaga
4%
Spain Mallorca
4%
Sweden Malmö
4%
Italy Parma
4%
France Rennes
4%
Ukraine Shakhtar Donetsk
4%
Czech Republic Slavia Prague
4%
Italy Udinese
4%
Germany VfB Stuttgart
4%
Germany VfL Wolfsburg
4%
Poland Widzew Łódź
4%
Russia Zenit Saint Petersburg
4%
Turkey Beşiktaş
3%
Portugal Boavista
3%
Germany Borussia Mönchengladbach
3%
Spain Celta Vigo
3%
Romania CFR Cluj
3%
Denmark Copenhagen
3%
Germany Eintracht Frankfurt
3%
Turkey Fenerbahçe
3%
Turkey Galatasaray
3%
Bulgaria Ludogorets Razgrad
3%
Israel Maccabi Tel Aviv
3%
France Montpellier
3%
Czech Republic Viktoria Plzeň
3%
Germany 1899 Hoffenheim
2%
Kazakhstan Astana
2%
Hungary Debrecen
2%
Germany Hertha BSC
2%
Slovakia Petržalka
2%
Moldova Sheriff Tiraspol
2%
Russia Spartak Moscow
2%
Netherlands Twente
2%
Germany Werder Bremen
2%
France Auxerre
1%
Turkey Bursaspor
1%
Israel Hapoel Tel Aviv
1%
Sweden IFK Göteborg
1%
Turkey İstanbul Başakşehir
1%
Russia Krasnodar
1%
Bulgaria Levski Sofia
1%
Belgium Lierse
1%
Slovenia Maribor
1%
Norway Molde
1%
Serbia Partizan
1%
Norway Rosenborg
1%
Russia Rubin Kazan
1%
Belgium Standard Liège
1%
Switzerland Thun
1%
Turkey Trabzonspor
1%
Netherlands Willem II
1%
Slovakia Žilina
1%
Switzerland Zürich
1%
Denmark Aalborg
0%
Cyprus Anorthosis Famagusta
0%
Denmark Brøndby
0%
Switzerland Grasshopper
0%
Netherlands Heerenveen
0%
Sweden Helsingborg
0%
Germany Kaiserslautern
0%
Slovakia Košice
0%
Denmark Midtjylland
0%
Denmark Nordsjælland
0%
Romania Oțelul Galați
0%
Russia Rostov
0%
Romania Unirea Urziceni
0%
No matching quizzes found
Score Distribution
Percent of People with Each Score
Percentile by Number Answered
Your Score History
You have not taken this quiz